000 00571nam a22001937a 4500
005 20251108164701.0
008 250721s1980 xx 000 0 ara d
082 1 4 _a811.909562/يوس
100 1 _aالصميلي، يوسف
245 1 0 _aالشعر اللبناني :
_bإتجاهات و مذاهب /
264 1 _aبيروت :
_bدار الوحدة،
_c1980.
300 _a325ص
650 1 7 _aالشعر العربي
650 1 7 _aالتاريخ الأدبي
650 1 7 _aالنقد الأدبي
650 1 7 _aلبنان
942 _2ddc
_cBK
999 _c11770
_d11770